<?xml version="1.0" encoding="UTF-8"?>
<record
    xmlns:xsi="http://www.w3.org/2001/XMLSchema-instance"
    xsi:schemaLocation="http://www.loc.gov/MARC21/slim http://www.loc.gov/standards/marcxml/schema/MARC21slim.xsd"
    xmlns="http://www.loc.gov/MARC21/slim">

  <leader>00498nam a22001577a 4500</leader>
  <controlfield tag="005">20251015092335.0</controlfield>
  <controlfield tag="008">251015b        |||||||| |||| 00| 0 eng d</controlfield>
  <datafield tag="020" ind1=" " ind2=" ">
    <subfield code="a">978-0-19-954908-5</subfield>
  </datafield>
  <datafield tag="040" ind1=" " ind2=" ">
    <subfield code="a">National Science Library</subfield>
    <subfield code="c">National Science Library</subfield>
  </datafield>
  <datafield tag="080" ind1=" " ind2=" ">
    <subfield code="a">D 001.818 </subfield>
    <subfield code="b">Q0</subfield>
  </datafield>
  <datafield tag="100" ind1=" " ind2=" ">
    <subfield code="a">Issever, Cigdem </subfield>
  </datafield>
  <datafield tag="245" ind1=" " ind2=" ">
    <subfield code="a">Presenting science:</subfield>
    <subfield code="b">A practical guide to giving a good talk</subfield>
  </datafield>
  <datafield tag="260" ind1=" " ind2=" ">
    <subfield code="a">United States:</subfield>
    <subfield code="b">Oxford University Press Inc., </subfield>
    <subfield code="c">2010</subfield>
  </datafield>
  <datafield tag="300" ind1=" " ind2=" ">
    <subfield code="a">x, 120p. </subfield>
  </datafield>
  <datafield tag="942" ind1=" " ind2=" ">
    <subfield code="2">udc</subfield>
    <subfield code="c">BK</subfield>
  </datafield>
  <datafield tag="999" ind1=" " ind2=" ">
    <subfield code="c">67841</subfield>
    <subfield code="d">67841</subfield>
  </datafield>
  <datafield tag="952" ind1=" " ind2=" ">
    <subfield code="0">0</subfield>
    <subfield code="1">0</subfield>
    <subfield code="2">udc</subfield>
    <subfield code="4">0</subfield>
    <subfield code="6">D_001818_Q0</subfield>
    <subfield code="7">0</subfield>
    <subfield code="9">183431</subfield>
    <subfield code="a">NSL</subfield>
    <subfield code="b">NSL</subfield>
    <subfield code="c">GF/Rk-10/C-23/R-4</subfield>
    <subfield code="d">2013-12-23</subfield>
    <subfield code="l">0</subfield>
    <subfield code="o">D 001.818 Q0</subfield>
    <subfield code="p">251756</subfield>
    <subfield code="r">2025-10-15 09:25:28</subfield>
    <subfield code="w">2013-12-23</subfield>
    <subfield code="y">BK</subfield>
  </datafield>
</record>
